000 00676nam a2200241 i 4500
001 C2-0241909
003 PPAK
005 20180727204113.0
008 020820s1929 si a|||| ||||| | may d
040 _aPPAK
_beng
_cPPAK
_erda
082 0 4 _a823
_223
090 0 0 _a823
_bSWI
_dKSI
100 1 _aSwift, Jonathan,
_eauthor
245 1 0 _aPelayaran Gulibar
264 1 _aSingapura :
_bDi Gudang Pres ,
_c1929
300 _a79 pages :
_billustrations ;
_c18 cm
336 _2rdacontent
_atext
337 _2rdamedia
_aunmediated
338 _2rdacarrier
_avolume
500 _aTeks dalam tulisan jawi
650 1 0 _aEnglish fiction - Translations into Malay
942 _ddc
_cB
999 _c56797
_d56797